Statistics for Top 10 People Born in 1989

Click here to take the quiz!

General Stats

  • This quiz has been taken 23 times
  • The average score is 3 of 10

Answer Stats

HintAnswer% Correct
Harry Potter ActorDaniel Radcliffe
76%
Blank Space SingerTaylor Swift
76%
Vampire Diaries ActressNina Dobrev
33%
Kiss Kiss SingerChris Brown
24%
Trumpets SingerJason Derulo
24%
Pretty Little Liars ActressesLucy Hale
24%
Gamer YoutuberPewdiepie
24%
Gamer YoutuberMark Fischerbach
19%
YoutuberTyler Oakley
10%
Ride Out SingerTyga
5%

Score Distribution

Percentile by Number Answered

Percent of People with Each Score

Your Score History

You have not taken this quiz